[Event "34ème Open International d'Avoine"]
[Site "AVOINE"]
[Date "2019.07.20"]
[Round "4.9"]
[White "Msellek, Ilyass"]
[Black "Colin, Vincent"]
[Result "1/2-1/2"]
[WhiteElo "2237"]
[BlackElo "2370"]
[PlyCount "90"]
[EventDate "2019.??.??"]
[WhiteTeam "Tremblay en France"]
[BlackTeam "Les Tours des Hauts de France - St Quentin"]

1. e4 {[%emt 0:00:03]} c5 {[%emt 0:00:50]} 2. Nf3 {[%emt 0:00:05]} d6 {
[%emt 0:00:00]} 3. d4 {[%emt 0:00:07]} cxd4 {[%emt 0:00:04]} 4. Nxd4 {
[%emt 0:00:03]} Nf6 {[%emt 0:00:09]} 5. Nc3 {[%emt 0:00:05]} Nc6 {
[%emt 0:00:05]} 6. Bg5 {[%emt 0:00:14]} e6 {[%emt 0:00:33]} 7. Qd2 {
[%emt 0:00:18]} a6 {[%emt 0:00:16]} 8. O-O-O {[%emt 0:00:35]} Bd7 {
[%emt 0:00:09]} 9. f4 {[%emt 0:00:21]} b5 {[%emt 0:00:11]} 10. Bxf6 {
[%emt 0:00:29]} gxf6 {[%emt 0:00:12]} 11. Nxc6 {[%emt 0:00:07]} Bxc6 {
[%emt 0:00:06]} 12. Qe3 {[%emt 0:00:07]} Qe7 {[%emt 0:08:00]} 13. Bd3 {
[%emt 0:00:31]} Qa7 {[%emt 0:02:38]} 14. Qh3 {[%emt 0:00:14]} b4 {
[%emt 0:13:59]} 15. Ne2 {[%emt 0:01:25]} Qc5 {[%emt 0:01:47]} 16. Kb1 {
[%emt 0:04:24]} a5 {[%emt 0:08:07]} 17. f5 {[%emt 0:00:49]} e5 {[%emt 0:01:55]}
18. b3 {[%emt 0:21:50]} h5 {[%emt 0:29:44]} 19. Bc4 {[%emt 0:11:24]} Bxe4 {
[%emt 0:00:00]} 20. Qh4 {[%emt 0:21:54]} d5 {[%emt 0:06:47]} 21. Ng3 {
[%emt 0:01:44]} Bxc2+ {[%emt 0:00:06]} 22. Kxc2 {[%emt 0:00:28]} dxc4 {
[%emt 0:00:07]} 23. Ne4 {[%emt 0:00:10]} cxb3+ {[%emt 0:00:13]} 24. Kxb3 {
[%emt 0:00:13]} Qe3+ {[%emt 0:00:44]} 25. Kb2 {[%emt 0:00:31]} Be7 {
[%emt 0:02:09]} 26. Nxf6+ {[%emt 0:05:00]} Bxf6 {[%emt 0:06:43]} 27. Qxf6 {
[%emt 0:00:41]} Rh6 {[%emt 0:08:10]} 28. Qg7 {[%emt 0:00:07]} Rc6 {
[%emt 0:01:00]} 29. f6 {[%emt 0:07:43]} Qa3+ {[%emt 0:02:01]} 30. Kb1 {
[%emt 0:08:59]} b3 {[%emt 0:00:17]} 31. Qh8+ {[%emt 0:00:06]} Qf8 {
[%emt 0:00:05]} 32. Qxh5 {[%emt 0:00:05]} bxa2+ {[%emt 0:04:29]} 33. Ka1 {
[%emt 0:00:08]} Rxf6 {[%emt 0:00:46]} 34. Qxe5+ {[%emt 0:08:53]} Qe7 {
[%emt 0:00:00]} 35. Rhe1 {[%emt 0:07:19]} Qxe5+ {[%emt 0:02:17]} 36. Rxe5+ {
[%emt 0:00:00]} Re6 {[%emt 0:00:38]} 37. Rxe6+ {[%emt 0:00:30]} fxe6 {
[%emt 0:00:02]} 38. Kxa2 {[%emt 0:00:07]} Ke7 {[%emt 0:00:13]} 39. Kb3 {
[%emt 0:01:41]} a4+ {[%emt 0:03:21]} 40. Ka3 {[%emt 0:01:30]} e5 {
[%emt 0:00:06]} 41. g4 {[%emt 0:03:46]} Ke6 {[%emt 0:04:08]} 42. h4 {
[%emt 0:02:21]} e4 {[%emt 0:09:01]} 43. g5 {[%emt 0:23:34]} Kf5 {[%emt 0:08:05]
} 44. Rf1+ {[%emt 0:00:34]} Kg4 {[%emt 0:00:46]} 45. g6 {[%emt 0:01:55]} Kxh4 {
[%emt 0:17:05]} 1/2-1/2

[Event "34ème Open International d'Avoine"]
[Site "AVOINE"]
[Date "2019.07.20"]
[Round "4.10"]
[White "Deslandes, Pascal"]
[Black "Malassagne, Raphael"]
[Result "1-0"]
[WhiteElo "2341"]
[BlackElo "2252"]
[PlyCount "105"]
[EventDate "2019.??.??"]
[WhiteTeam "Club d'Echecs du Vesinet"]
[BlackTeam "Cergy Pontoise Echecs"]

1. e4 {[%emt 0:00:04]} c6 {[%emt 0:03:08]} 2. d4 {[%emt 0:00:12]} d5 {
[%emt 0:00:00]} 3. e5 {[%emt 0:00:12]} c5 {[%emt 0:00:04]} 4. dxc5 {
[%emt 0:00:55]} Nc6 {[%emt 0:00:06]} 5. Bb5 {[%emt 0:01:01]} e6 {[%emt 0:00:08]
} 6. Be3 {[%emt 0:00:00]} Bd7 {[%emt 0:00:26]} 7. Bxc6 {[%emt 0:03:43]} Bxc6 {
[%emt 0:00:03]} 8. Nf3 {[%emt 0:01:58]} Ne7 {[%emt 0:00:11]} 9. Bd4 {
[%emt 0:03:35]} Nf5 {[%emt 0:00:00]} 10. c3 {[%emt 0:01:04]} Nxd4 {
[%emt 0:00:06]} 11. cxd4 {[%emt 0:01:52]} b6 {[%emt 0:00:04]} 12. O-O {
[%emt 0:28:26]} Bb5 {[%emt 0:05:41]} 13. Re1 {[%emt 0:00:17]} bxc5 {
[%emt 0:00:05]} 14. Nc3 {[%emt 0:01:42]} Bd7 {[%emt 0:00:00]} 15. Qd2 {
[%emt 0:07:32]} Rc8 {[%emt 0:19:24]} 16. Rad1 {[%emt 0:01:04]} Be7 {
[%emt 0:05:31]} 17. Ne2 {[%emt 0:14:43]} O-O {[%emt 0:13:13]} 18. Nf4 {
[%emt 0:06:11]} cxd4 {[%emt 0:04:07]} 19. Nxd4 {[%emt 0:02:33]} Bg5 {
[%emt 0:00:00]} 20. Qe3 {[%emt 0:00:50]} Qa5 {[%emt 0:06:10]} 21. Qg3 {
[%emt 0:04:01]} Bxf4 {[%emt 0:10:51]} 22. Qxf4 {[%emt 0:00:07]} Rc4 {
[%emt 0:01:56]} 23. b3 {[%emt 0:04:43]} Rc3 {[%emt 0:07:01]} 24. a4 {
[%emt 0:00:40]} Rfc8 {[%emt 0:01:00]} 25. h4 {[%emt 0:01:00]} Qd8 {
[%emt 0:02:57]} 26. g3 {[%emt 0:01:32]} Qe7 {[%emt 0:03:26]} 27. Kg2 {
[%emt 0:03:18]} a5 {[%emt 0:03:45]} 28. Rc1 {[%emt 0:00:00]} Qb4 {
[%emt 0:05:01]} 29. Rxc3 {[%emt 0:01:18]} Qxc3 {[%emt 0:00:04]} 30. Rd1 {
[%emt 0:00:52]} Qb4 {[%emt 0:02:55]} 31. g4 {[%emt 0:02:51]} Rc3 {
[%emt 0:01:10]} 32. h5 {[%emt 0:02:57]} Rxb3 {[%emt 0:04:07]} 33. Qg5 {
[%emt 0:00:00]} h6 {[%emt 0:11:12]} 34. Qd8+ {[%emt 0:00:30]} Kh7 {
[%emt 0:00:04]} 35. Qxd7 {[%emt 0:00:35]} Rb1 {[%emt 0:00:09]} 36. Rxb1 {
[%emt 0:02:03]} Qxb1 {[%emt 0:00:51]} 37. Qxf7 {[%emt 0:00:51]} Qe4+ {
[%emt 0:00:08]} 38. Nf3 {[%emt 0:00:14]} Qxg4+ {[%emt 0:00:04]} 39. Kh2 {
[%emt 0:00:39]} Qxa4 {[%emt 0:01:19]} 40. Qxe6 {[%emt 0:00:27]} Qe4 {
[%emt 0:00:03]} 41. Kg3 {[%emt 0:01:24]} a4 {[%emt 0:00:33]} 42. Qf7 {
[%emt 0:05:13]} a3 {[%emt 0:03:56]} 43. e6 {[%emt 0:00:00]} a2 {[%emt 0:00:14]}
44. e7 {[%emt 0:00:21]} a1=Q {[%emt 0:00:46]} 45. e8=Q {[%emt 0:00:12]} Qxe8 {
[%emt 0:09:55]} 46. Qxe8 {[%emt 0:00:07]} Qa2 {[%emt 0:00:48]} 47. Qe5 {
[%emt 0:08:18]} Qc4 {[%emt 0:02:39]} 48. Nh4 {[%emt 0:00:00]} Qd3+ {
[%emt 0:00:05]} 49. Kg2 {[%emt 0:02:28]} Qd1 {[%emt 0:00:32]} 50. Qf5+ {
[%emt 0:00:17]} Kh8 {[%emt 0:01:15]} 51. Ng6+ {[%emt 0:00:07]} Kh7 {
[%emt 0:00:01]} 52. Ne7+ {[%emt 0:00:10]} Kh8 {[%emt 0:00:04]} 53. Qf8+ {
[%emt 0:00:07]} 1-0

[Event "34ème Open International d'Avoine"]
[Site "AVOINE"]
[Date "2019.07.20"]
[Round "4.11"]
[White "Ollier, Milan"]
[Black "Gao, Etienne"]
[Result "1-0"]
[WhiteElo "2227"]
[BlackElo "2306"]
[PlyCount "69"]
[EventDate "2019.??.??"]
[WhiteTeam "Echiquier Médocain"]
[BlackTeam "Echiquier Club Le Mans"]

1. e4 c5 2. Nc3 d6 3. d4 cxd4 4. Qxd4 a6 5. b3 Nc6 6. Qd2 Nf6 7. Bb2 e6 8.
O-O-O b5 9. f3 h5 10. Nh3 Bb7 11. Ng5 Qa5 12. Kb1 Rc8 13. Bd3 Be7 14. f4 Nb4
15. Rhe1 O-O 16. a3 Nxd3 17. cxd3 Qb6 18. Ne2 d5 19. e5 Ng4 20. Nd4 Bc5 21.
Ngf3 b4 22. a4 Nxh2 23. f5 Nxf3 24. gxf3 exf5 25. Qf4 Bxd4 26. Bxd4 Qc6 27. Rd2
Rc7 28. Rg2 g6 29. e6 Kh7 30. exf7 Rfxf7 31. Rh1 a5 32. Qg5 Rg7 33. Rxh5+ Kg8
34. Rh8+ Kf7 35. Qxf5+ 1-0

[Event "34ème Open International d'Avoine"]
[Site "AVOINE"]
[Date "2019.07.20"]
[Round "4.12"]
[White "Hautot, Stephane"]
[Black "Bressy, Theo"]
[Result "1/2-1/2"]
[WhiteElo "2328"]
[BlackElo "2182"]
[PlyCount "60"]
[EventDate "2019.??.??"]
[WhiteTeam "Club d'Echecs Metz Fischer"]
[BlackTeam "Echiquier Piscénois - Pézénas"]

1. e4 e6 2. d4 d5 3. Nc3 Nf6 4. Bg5 Be7 5. e5 Nfd7 6. Bxe7 Qxe7 7. f4 a6 8. Nf3
c5 9. Qd2 Nc6 10. dxc5 Qxc5 11. O-O-O b5 12. Nd4 Nxd4 13. Qxd4 b4 14. Na4 Qa5
15. b3 Bb7 16. Kb1 Bc6 17. Nb2 Qc5 18. Be2 a5 19. Bf3 O-O 20. c4 bxc3 21. Qxc5
Nxc5 22. Rc1 Ne4 23. Bxe4 dxe4 24. Rxc3 Bd5 25. Nc4 Rfb8 26. Rhc1 f6 27. Nd6
fxe5 28. fxe5 a4 29. Kb2 axb3 30. axb3 h5 1/2-1/2

[Event "34ème Open International d'Avoine"]
[Site "AVOINE"]
[Date "2019.07.20"]
[Round "4.13"]
[White "Bailet, Pierre"]
[Black "Afraoui, Anaelle"]
[Result "1-0"]
[WhiteElo "2494"]
[BlackElo "2110"]
[PlyCount "89"]
[EventDate "2019.??.??"]
[WhiteTeam "Vandoeuvre-Echecs"]
[BlackTeam "Clichy-Echecs-92"]

1. Nf3 Nf6 2. c4 g6 3. g3 Bg7 4. Bg2 O-O 5. O-O d6 6. Nc3 e5 7. d3 Nc6 8. Rb1
a5 9. a3 Re8 10. Bg5 h6 11. Bxf6 Bxf6 12. Nd2 Bg7 13. b4 axb4 14. axb4 Ne7 15.
Qb3 c6 16. b5 Be6 17. Qb4 d5 18. Nb3 Bf8 19. bxc6 bxc6 20. Nc5 Bf5 21. Nb7 Qd7
22. Qd6 dxc4 23. Ne4 Qxd6 24. Nbxd6 Red8 25. Nxc4 Nd5 26. Nxe5 Bxe4 27. dxe4
Nc3 28. Rb7 Nxe2+ 29. Kh1 Rdb8 30. Rd7 Rd8 31. Rb7 Rdb8 32. Rxf7 Bg7 33. Re7
Bxe5 34. Rxe5 Re8 35. Rc5 Nd4 36. Rd1 Ra4 37. e5 Re6 38. Bf1 Nb3 39. Rc3 Na5
40. f4 g5 41. Rf3 c5 42. Rd8+ Kg7 43. Rd7+ Kg8 44. Ra7 Rb6 45. f5 1-0

[Event "34ème Open International d'Avoine"]
[Site "AVOINE"]
[Date "2019.07.20"]
[Round "4.14"]
[White "Sohier, Julien"]
[Black "Haub, Thorsten Michael"]
[Result "0-1"]
[WhiteElo "2188"]
[BlackElo "2404"]
[PlyCount "56"]
[EventDate "2019.??.??"]
[WhiteTeam "Club 608 d'Echecs Paris"]
[BlackTeam "L'Echiquier Dieppois"]

1. d4 g6 2. e4 Bg7 3. Nc3 d6 4. f4 Nf6 5. Nf3 O-O 6. Bd3 Na6 7. O-O c5 8. d5
Rb8 9. a4 Nb4 10. Kh1 a6 11. a5 Nxd3 12. Qxd3 b5 13. axb6 Rxb6 14. Nd2 a5 15.
Rxa5 Rxb2 16. Rxc5 Rb4 17. Rc6 Nd7 18. Ba3 Rb8 19. Nb3 Ra8 20. Bb4 Nb8 21. Na5
Nxc6 22. Nxc6 Qd7 23. e5 Bb7 24. Nxe7+ Qxe7 25. Bxd6 Qd7 26. Bxf8 Ba6 27. Qd4
Bxf1 28. Bxg7 Qg4 0-1

[Event "34ème Open International d'Avoine"]
[Site "AVOINE"]
[Date "2019.07.20"]
[Round "4.15"]
[White "Vallet, Marc"]
[Black "Lejarre, Ludovic"]
[Result "1/2-1/2"]
[WhiteElo "2181"]
[BlackElo "2345"]
[PlyCount "106"]
[EventDate "2019.??.??"]
[WhiteTeam "Lille Université Club Echiquier du Nord"]
[BlackTeam "Rennes Paul Bert"]

1. Nf3 Nf6 2. c4 g6 3. b4 Bg7 4. Bb2 O-O 5. g3 d6 6. Bg2 e5 7. d3 a5 8. a3 axb4
9. axb4 Rxa1 10. Bxa1 Na6 11. Bc3 Nh5 12. Nfd2 c6 13. Qb3 Be6 14. Qb2 Qc7 15.
O-O b5 16. Na3 Rb8 17. cxb5 cxb5 18. d4 Nf6 19. e4 Ne8 20. d5 Bd7 21. Nb3 Rc8
22. Bd2 f5 23. Rc1 Qd8 24. Na5 fxe4 25. Nc6 Bxc6 26. dxc6 d5 27. Qb3 Nac7 28.
Bxe4 Kh8 29. Bg2 Nd6 30. h4 Nc4 31. Bg5 Bf6 32. Bh6 Qd6 33. Nxc4 bxc4 34. Qf3
e4 35. Qg4 Rd8 36. h5 gxh5 37. Qxh5 Qxc6 38. Qf7 Bb2 39. Bg5 Rg8 40. Bf4 Nb5
41. Rd1 Bg7 42. Rxd5 Nc3 43. Rc5 Qa6 44. Bf1 Rf8 45. Qxc4 Qxc4 46. Rxc4 Re8 47.
Bg2 Ne2+ 48. Kf1 Nxf4 49. gxf4 Rb8 50. Bxe4 Bf8 51. Rc7 Rxb4 52. Rxh7+ Kg8 53.
f3 Rxe4 1/2-1/2

[Event "34ème Open International d'Avoine"]
[Site "AVOINE"]
[Date "2019.07.20"]
[Round "4.16"]
[White "Mathieu, Phileas"]
[Black "Shirazi, Kamran"]
[Result "1/2-1/2"]
[WhiteElo "2178"]
[BlackElo "2343"]
[PlyCount "99"]
[EventDate "2019.??.??"]
[WhiteTeam "Echiquier des Lions - Lyon Oullins"]
[BlackTeam "Tremblay en France"]

1. e4 c6 2. Nf3 d5 3. Nc3 b5 4. exd5 b4 5. Ne2 cxd5 6. a3 bxa3 7. b3 g6 8. Bxa3
Bg7 9. Nc3 Nf6 10. Bd3 O-O 11. O-O Re8 12. Bb2 e5 13. Bb5 Bd7 14. d4 e4 15. Ne5
Re6 16. Bxd7 Nbxd7 17. Nxd7 Qxd7 18. Na4 e3 19. Nc5 e2 20. Nxd7 exd1=Q 21.
Nxf6+ Bxf6 22. Rfxd1 Re2 23. Ra5 Rc8 24. Ba1 Rcxc2 25. Rf1 Bg5 26. Rxd5 Rxf2
27. Rxg5 Rxf1+ 28. Kxf1 Rc1+ 29. Ke2 Rxa1 30. Kd3 f5 31. Rg3 Kf7 32. Re3 Kf6
33. Re2 a5 34. Kc4 Rc1+ 35. Kb5 Rc3 36. b4 axb4 37. Kxb4 Rd3 38. Kc5 f4 39. Kc4
Rd1 40. d5 g5 41. h3 h5 42. Kc5 g4 43. hxg4 hxg4 44. d6 Rd3 45. Kc6 f3 46. gxf3
gxf3 47. Re8 Rc3+ 48. Kd5 Rd3+ 49. Ke4 Rxd6 50. Rf8+ 1/2-1/2

[Event "34ème Open International d'Avoine"]
[Site "AVOINE"]
[Date "2019.07.20"]
[Round "4.17"]
[White "Perrin, Guillaume"]
[Black "Gouanelle, Franck"]
[Result "1/2-1/2"]
[WhiteElo "2289"]
[BlackElo "2094"]
[PlyCount "107"]
[EventDate "2019.??.??"]
[WhiteTeam "Gujan-Mestras Echecs"]
[BlackTeam "C.E. de Rueil Malmaison"]

1. Nf3 d5 2. c4 e6 3. d4 c6 4. e3 Nf6 5. Nc3 Nbd7 6. Bd3 dxc4 7. Bxc4 b5 8. Be2
Bb7 9. O-O Be7 10. e4 b4 11. e5 bxc3 12. exf6 Nxf6 13. bxc3 O-O 14. Rb1 Qc8 15.
Qb3 Ba6 16. Bxa6 Qxa6 17. Bg5 c5 18. Rfe1 Rfc8 19. Bh4 cxd4 20. cxd4 Rd8 21.
Qb7 Qxb7 22. Rxb7 Bd6 23. Bxf6 gxf6 24. g3 a5 25. Rc1 Rdc8 26. Rcb1 Bb4 27. Rb3
Rc3 28. Rxc3 Bxc3 29. Rc7 Bb2 30. a4 Ba3 31. Kf1 Rb8 32. Ra7 Rb1+ 33. Ke2 Bb4
34. d5 exd5 35. Nd4 Kg7 36. Ne6+ Kh6 37. Nf4 Rb2+ 38. Kf3 Rxf2+ 39. Kg4 Kg7 40.
Ne6+ Kg6 41. Nf4+ Kg7 42. h4 f5+ 43. Kxf5 Bd2 44. Ke5 Bxf4+ 45. gxf4 d4 46.
Rxa5 Rh2 47. Rd5 Rxh4 48. Rxd4 Rh1 49. f5 h5 50. Re4 Ra1 51. Rc4 Re1+ 52. Re4
Ra1 53. Rh4 Ra2 54. Rxh5 1/2-1/2

[Event "34ème Open International d'Avoine"]
[Site "AVOINE"]
[Date "2019.07.20"]
[Round "4.18"]
[White "Sandu, Mihaela"]
[Black "Kavciyan, Yega"]
[Result "1-0"]
[WhiteElo "2286"]
[BlackElo "2033"]
[PlyCount "115"]
[EventDate "2019.??.??"]
[BlackTeam "l'Echiquier de La Ville Montreuil"]

1. e4 c5 2. Nf3 Nc6 3. d4 cxd4 4. Nxd4 Nf6 5. Nc3 e5 6. Ndb5 d6 7. Bg5 a6 8.
Na3 b5 9. Nd5 Be7 10. Bxf6 Bxf6 11. c3 Bg5 12. Nc2 O-O 13. Be2 Bb7 14. O-O Ne7
15. Ncb4 Ng6 16. g3 a5 17. Nc2 Ne7 18. Nxe7+ Qxe7 19. Qd3 Bc6 20. Na3 d5 21.
exd5 Rad8 22. Bf3 f5 23. Qe2 Bxd5 24. Bxd5+ Rxd5 25. Rad1 Rxd1 26. Rxd1 b4 27.
Nc4 bxc3 28. bxc3 e4 29. Nxa5 f4 30. Nc6 Qc5 31. Nd4 fxg3 32. hxg3 Qe7 33. Qc4+
Kh8 34. Qe6 Qa3 35. Qxe4 Qxa2 36. Qe2 Qxe2 37. Nxe2 h6 38. f4 Bf6 39. Kg2 Kh7
40. c4 Rc8 41. Rc1 Rc5 42. Kf3 g5 43. Ke4 gxf4 44. Nxf4 Re5+ 45. Kf3 Be7 46.
Rd1 h5 47. Rd7 Kh6 48. Nd5 Bc5 49. Rc7 Ba3 50. Rc6+ Kg5 51. Nf4 Re1 52. Rg6+
Kf5 53. Ra6 Bc1 54. Ra5+ Kf6 55. Nxh5+ Ke6 56. Nf4+ Kd6 57. Rd5+ Kc6 58. Nd3
1-0

[Event "34ème Open International d'Avoine"]
[Site "AVOINE"]
[Date "2019.07.20"]
[Round "4.19"]
[White "Dieu, Bruno"]
[Black "Selebran, Henri"]
[Result "1/2-1/2"]
[WhiteElo "2256"]
[BlackElo "2070"]
[PlyCount "96"]
[EventDate "2019.??.??"]
[WhiteTeam "Echiquier Tourangeau"]
[BlackTeam "LEC Echiquier Limousin"]

1. d4 Nf6 2. Nf3 b6 3. e3 e6 4. Bd3 Bb7 5. O-O c5 6. b3 Be7 7. Bb2 O-O 8. Nbd2
cxd4 9. exd4 d5 10. Re1 Nbd7 11. Ne5 Rc8 12. a3 Nxe5 13. dxe5 Ne4 14. Nf3 f5
15. Nd4 Bc5 16. b4 Bxd4 17. Bxd4 Qd7 18. f3 Nc3 19. Qd2 Nb5 20. Bf2 Nc3 21. a4
Nxa4 22. b5 Nc5 23. Rxa7 Ra8 24. Rea1 Rxa7 25. Rxa7 Ra8 26. Rxa8+ Bxa8 27. Bf1
Qc7 28. Bd4 Nd7 29. Qg5 Nf8 30. c3 Bb7 31. g4 fxg4 32. fxg4 Bc8 33. h4 Kf7 34.
h5 h6 35. Qe3 Nd7 36. g5 hxg5 37. Qxg5 Nc5 38. Qg6+ Kf8 39. Bh3 Qf7 40. Qg5 Qe7
41. Qg3 Bd7 42. Bf1 Ke8 43. Be3 Ne4 44. Qg6+ Qf7 45. Qh7 Nxc3 46. Bd3 Ne4 47.
Bxb6 Qf3 48. Qh8+ Kf7 1/2-1/2

[Event "34ème Open International d'Avoine"]
[Site "AVOINE"]
[Date "2019.07.20"]
[Round "4.20"]
[White "Caloone, Thomas"]
[Black "Hingouet, Matthieu"]
[Result "1/2-1/2"]
[WhiteElo "2111"]
[BlackElo "2245"]
[PlyCount "54"]
[EventDate "2019.??.??"]
[WhiteTeam "Lille Université Club Echiquier du Nord"]
[BlackTeam "Cavalier de la Tourelle Saint-Mande"]

1. e4 c6 2. d4 d5 3. Nc3 dxe4 4. Nxe4 Nf6 5. Ng3 h5 6. Bc4 h4 7. N3e2 Bf5 8. h3
e6 9. Nf3 Ne4 10. Nc3 Bb4 11. Bd2 Nxd2 12. Qxd2 Nd7 13. a3 Bd6 14. Bd3 Bxd3 15.
Qxd3 Qe7 16. O-O-O O-O-O 17. Kb1 Nf6 18. Ne4 Nxe4 19. Qxe4 g5 20. Rhe1 Rh6 21.
Ne5 Rf6 22. f3 Rf5 23. Nc4 Rd5 24. Ne3 Ra5 25. Nc4 Rd5 26. Ne3 Ra5 27. Nc4 Rd5
1/2-1/2

[Event "34ème Open International d'Avoine"]
[Site "AVOINE"]
[Date "2019.07.20"]
[Round "4.21"]
[White "Dalaud, Dorian"]
[Black "Lamaze, Simon"]
[Result "0-1"]
[WhiteElo "2220"]
[BlackElo "2008"]
[PlyCount "40"]
[EventDate "2019.??.??"]
[WhiteTeam "Cercle d'Echecs de Nantes"]
[BlackTeam "Echiquier Club Le Mans"]

1. e4 c5 2. Nc3 a6 3. g3 b5 4. Bg2 Bb7 5. Nge2 e6 6. O-O Nc6 7. d4 cxd4 8. Nxd4
Rc8 9. Re1 d6 10. a4 b4 11. Nd5 a5 12. Nb5 Nge7 13. Bf4 Ng6 14. h4 Nxf4 15.
Nxf4 Be7 16. Qg4 O-O 17. Nxe6 fxe6 18. Qxe6+ Kh8 19. e5 dxe5 20. Rad1 Qb6 0-1

[Event "34ème Open International d'Avoine"]
[Site "AVOINE"]
[Date "2019.07.20"]
[Round "4.22"]
[White "Gely, Yann"]
[Black "Bournel, Antoine"]
[Result "1/2-1/2"]
[WhiteElo "2110"]
[BlackElo "2217"]
[PlyCount "155"]
[EventDate "2019.??.??"]
[WhiteTeam "Echiquier de l'Erdre"]
[BlackTeam "L'Echiquier Châlonnais"]

1. e4 g6 2. d4 Bg7 3. Nc3 a6 4. a4 d6 5. Bc4 Nf6 6. Bb3 O-O 7. Nf3 Bg4 8. h3
Bxf3 9. Qxf3 Nc6 10. Be3 e5 11. dxe5 Nxe5 12. Qe2 Re8 13. O-O Nc6 14. Qf3 Qe7
15. Rfe1 Ne5 16. Qe2 Ned7 17. Qc4 c6 18. Bd4 Nh5 19. Bxg7 Kxg7 20. Rad1 Ne5 21.
Qd4 Rad8 22. Qe3 Qf6 23. Ne2 g5 24. Nd4 Nf4 25. Nf5+ Kh8 26. Rd2 Rd7 27. Red1
Red8 28. h4 h6 29. g3 Ng4 30. Qd4 Ne5 31. Qe3 Ng4 32. Qc3 Qxc3 33. bxc3 Nh3+
34. Kg2 Nhxf2 35. Rxf2 Nxf2 36. Kxf2 gxh4 37. gxh4 d5 38. exd5 cxd5 39. Nxh6
Kg7 40. Ng4 Rc7 41. Rd3 Rdc8 42. Rxd5 Rxc3 43. Rg5+ Kh7 44. Rf5 Kg6 45. Rf6+
Kh5 46. Ne3 Kxh4 47. Rxf7 R3c7 48. Rf3 Kg5 49. Nd5 Rxc2+ 50. Bxc2 Rxc2+ 51. Kg3
b5 52. axb5 axb5 53. Rb3 Rc5 54. Nc3 Kf5 55. Nxb5 Ke4 56. Kg4 Kd5 57. Rb1 Ke4
58. Nd6+ Ke5 59. Rd1 Rc6 60. Nf7+ Ke4 61. Re1+ Kd4 62. Kf5 Rc2 63. Rf1 Re2 64.
Rd1+ Kc5 65. Ne5 Ra2 66. Nd7+ Kc4 67. Nf6 Re2 68. Ng4 Re8 69. Ne5+ Kc5 70. Ke4
Rh8 71. Rc1+ Kb5 72. Nf7 Rh7 73. Ne5 Rh8 74. Nf7 Rh7 75. Nd6+ Kb6 76. Ke5 Rh5+
77. Nf5 Kb5 78. Ke4 1/2-1/2

[Event "34ème Open International d'Avoine"]
[Site "AVOINE"]
[Date "2019.07.20"]
[Round "4.23"]
[White "David, Alexandre"]
[Black "Besson, Bastien"]
[Result "1-0"]
[WhiteElo "2091"]
[BlackElo "2204"]
[PlyCount "117"]
[EventDate "2019.??.??"]
[WhiteTeam "Echiquier Club Le Mans"]
[BlackTeam "Cercle d'Echecs de Nantes"]

1. d4 d6 2. Nf3 Nf6 3. g3 g6 4. Bg2 Bg7 5. O-O O-O 6. Nc3 Nbd7 7. a4 a5 8. h3
Re8 9. Be3 d5 10. Kh2 c6 11. Qd2 Nb6 12. b3 Ne4 13. Nxe4 dxe4 14. Ne5 f5 15. c4
Nd7 16. Nxd7 Bxd7 17. Rad1 Qb6 18. Qc2 h6 19. d5 c5 20. f3 exf3 21. exf3 f4 22.
Bxf4 Bf5 23. Qa2 Qf6 24. Rfe1 e5 25. dxe6 Rxe6 26. Rxe6 Bxe6 27. Qd2 Ra6 28.
Bc7 Qc3 29. Qxc3 Bxc3 30. f4 Bf5 31. Bxb7 Ra7 32. Rd8+ Kf7 33. Rb8 Be4 34. Bxe4
Rxc7 35. Rb6 Re7 36. Bxg6+ Kg7 37. Bh5 Re3 38. g4 Be1 39. f5 Bh4 40. Rg6+ Kh7
41. Ra6 Rxb3 42. Rxa5 Rb2+ 43. Kh1 Kg7 44. Rxc5 Kf6 45. Rb5 Ra2 46. Rb3 Rxa4
47. Rc3 Ke5 48. Bf7 Ra1+ 49. Kg2 Ra2+ 50. Kf1 Kd4 51. Rf3 Rd2 52. Bd5 Bf6 53.
Rf4+ Kd3 54. c5 Rd1+ 55. Kg2 Rd2+ 56. Kf3 Rh2 57. Bc4+ Kc2 58. Bf1 Bd4 59. Rxd4
1-0

[Event "34ème Open International d'Avoine"]
[Site "AVOINE"]
[Date "2019.07.20"]
[Round "4.24"]
[White "Grezels, Florian"]
[Black "Aubert, Estee"]
[Result "1-0"]
[WhiteElo "2201"]
[BlackElo "1978"]
[PlyCount "89"]
[EventDate "2019.??.??"]
[WhiteTeam "C.E.I. Toulouse"]
[BlackTeam "Esbarres Bonnencontre Echecs"]

1. e4 c5 2. Nf3 e6 3. d4 cxd4 4. Nxd4 Nf6 5. Nc3 Nc6 6. Nxc6 bxc6 7. e5 Nd5 8.
Ne4 Qc7 9. f4 Qb6 10. c4 Bb4+ 11. Ke2 f5 12. exf6 Nxf6 13. Be3 Qd8 14. Nd6+
Bxd6 15. Qxd6 Bb7 16. Rd1 c5 17. Qxc5 Be4 18. Ke1 Qb8 19. b3 Kf7 20. Rg1 Rc8
21. Qd4 Qb4+ 22. Bd2 Qe7 23. Be2 d5 24. g4 Nd7 25. Bc3 Kg8 26. g5 Rf8 27. Rf1
Nb8 28. cxd5 exd5 29. Bb4 Qe8 30. Bxf8 Qxf8 31. Rc1 Nd7 32. Bb5 Qe7 33. Kd2 Nb6
34. Rc3 Rf8 35. Qc5 Qf7 36. Kc1 Qh5 37. Kb2 Qxh2+ 38. Qf2 Qh5 39. Rc7 Nc8 40.
Qd4 Qg6 41. f5 Bxf5 42. Rxf5 Rxf5 43. Rxc8+ Rf8 44. Qxd5+ Qf7 45. Bc4 1-0

[Event "34ème Open International d'Avoine"]
[Site "AVOINE"]
[Date "2019.07.20"]
[Round "4.25"]
[White "Veysseyre, Robin"]
[Black "Bouvet, Florian"]
[Result "0-1"]
[WhiteElo "1878"]
[BlackElo "2200"]
[PlyCount "80"]
[EventDate "2019.??.??"]
[WhiteTeam "l'Echiquier de La Ville Montreuil"]
[BlackTeam "Echiquier Club Le Mans"]

1. e4 c5 2. Nf3 e6 3. d4 cxd4 4. Nxd4 a6 5. Nc3 b5 6. a3 Bb7 7. Be2 Qc7 8. O-O
Nf6 9. Bf3 d6 10. Be3 Nbd7 11. Nde2 Ne5 12. Ng3 Nxf3+ 13. Qxf3 Be7 14. Rfd1 O-O
15. Bf4 Rfd8 16. Rd3 Rd7 17. Rad1 Rad8 18. Qe3 Qc6 19. Kh1 d5 20. exd5 Nxd5 21.
Nxd5 Rxd5 22. f3 f6 23. Rxd5 Rxd5 24. Rxd5 Qxd5 25. Qd3 e5 26. Qxd5+ Bxd5 27.
Be3 Kf7 28. Kg1 Ke6 29. Kf2 f5 30. Ne2 g5 31. Nc3 Bc6 32. Bc1 h5 33. b3 g4 34.
Ne2 Bc5+ 35. Kg3 f4+ 36. Bxf4 exf4+ 37. Nxf4+ Kf5 38. Nxh5 gxf3 39. gxf3 Kg5
40. Ng7 Bd7 0-1

[Event "34ème Open International d'Avoine"]
[Site "AVOINE"]
[Date "2019.07.20"]
[Round "4.26"]
[White "Dubuisson, Mathias"]
[Black "Schmit, Vincent"]
[Result "0-1"]
[WhiteElo "1780"]
[BlackElo "2192"]
[PlyCount "66"]
[EventDate "2019.??.??"]
[WhiteTeam "Amicale Laique de Molinghem"]
[BlackTeam "Cavalier Bleu Drancy"]

1. e4 e5 2. Bc4 Nc6 3. Nc3 Nf6 4. d3 Na5 5. Qf3 Nxc4 6. dxc4 d6 7. h3 Be6 8. b3
c6 9. Nge2 Be7 10. O-O O-O 11. Rd1 Qa5 12. a4 Rfd8 13. Ba3 Bf8 14. Rd3 Rd7 15.
Rad1 Rad8 16. Ng3 a6 17. Bc1 d5 18. cxd5 cxd5 19. Bg5 dxe4 20. Ncxe4 Rxd3 21.
cxd3 Nd5 22. Bxd8 Qxd8 23. d4 exd4 24. Rxd4 Qb6 25. Qd1 Ne7 26. Rd8 Nc6 27. Qd6
Qxd8 28. Qf4 Qb8 29. Qe3 Qe5 30. Qb6 Bd5 31. Nc5 Qd4 32. Nd7 Qxb6 33. Nxb6 Bxb3
0-1

[Event "34ème Open International d'Avoine"]
[Site "AVOINE"]
[Date "2019.07.20"]
[Round "4.27"]
[White "Maiorov, Nikita"]
[Black "Mourgues, Jean-Marie"]
[Result "1-0"]
[WhiteElo "2522"]
[BlackElo "1963"]
[PlyCount "59"]
[EventDate "2019.??.??"]
[BlackTeam "L'Echiquier du Lac Enghien"]

1. d4 g6 2. e4 Bg7 3. Nf3 c6 4. c4 d5 5. cxd5 cxd5 6. e5 Nc6 7. Bb5 Nh6 8. O-O
O-O 9. h3 f6 10. exf6 exf6 11. Nc3 Be6 12. Bxc6 bxc6 13. Na4 Re8 14. Bd2 Nf5
15. Rc1 Rc8 16. Nc5 Nd6 17. Re1 Bf7 18. Rxe8+ Qxe8 19. Qa4 Nb5 20. Qa6 Bf8 21.
Re1 Qd8 22. Ba5 Nc7 23. Qxc6 Be8 24. Qb7 Bxc5 25. dxc5 Bf7 26. Nd4 Qd6 27. c6
Qd8 28. Nb5 Rb8 29. Bxc7 Rxb7 30. cxb7 1-0